|
|
|
|
| LEADER |
00000nam0a2200000 4500 |
| 001 |
315144 |
| 005 |
20231102002740.0 |
| 035 |
|
|
|a (RuTPU)RU\TPU\book\340577
|
| 090 |
|
|
|a 315144
|
| 100 |
|
|
|a 20160226d1877 k y0rusy50 ca
|
| 101 |
0 |
|
|a rus
|
| 102 |
|
|
|a RU
|
| 105 |
|
|
|a y z 000zy
|
| 200 |
1 |
|
|a Эксплуатация железных дорог. Т. 1
|f А. Шишков
|
| 210 |
|
|
|a С.-Петербург
|c Типография и хромолитография А. Траншель
|d 1877
|
| 215 |
|
|
|a VII, 340, VII с.
|
| 300 |
|
|
|a Авт. и загл. указаны на корешке
|
| 300 |
|
|
|a Текст в русской дореформенной орфографии
|
| 316 |
|
|
|5 63413507: М-132695
|a На титульном листе владельческая подпись: "Бутаков" и штамп-экслибрис И. Н. Бутакова, на форзаце экслибрис: "Антикварная книжная торговля В. И. Клочкова. СПБ., Литейный 55", на корешке инициалы "С. З. А.", карандашные пометы в тексте
|
| 317 |
|
|
|5 63413507: М-132695
|a Поступила в НТБ в 1970 г. в составе книжного собрания профессора ТПИ И. Н. Бутакова
|
| 606 |
1 |
|
|a Железные дороги
|x Эксплуатация
|2 stltpush
|3 (RuTPU)RU\TPU\subj\10443
|9 37515
|
| 610 |
1 |
|
|a постройка
|
| 610 |
1 |
|
|a станции
|
| 610 |
1 |
|
|a подвижной состав
|
| 610 |
1 |
|
|a ремонт
|
| 610 |
1 |
|
|a управление
|
| 610 |
1 |
|
|a личный состав
|
| 610 |
1 |
|
|a владельческая надпись
|
| 610 |
1 |
|
|a владельческие знаки
|
| 610 |
1 |
|
|a экслибрисы
|
| 610 |
1 |
|
|a библиотека И. Н. Бутакова
|
| 675 |
|
|
|a 656.21
|v 4
|
| 700 |
|
1 |
|a Шишков
|b А.
|
| 801 |
|
1 |
|a RU
|b 63413507
|c 20160226
|
| 801 |
|
2 |
|a RU
|b 63413507
|c 20190802
|g RCR
|
| 942 |
|
|
|c BK
|